Statistics for 25 Deadliest Dictators

Click here to take the quiz!

General Stats

  • This quiz has been taken 139 times
  • The average score is 12 of 25

Answer Stats

#CountryDictator% Correct
2GermanyAdolf Hitler
100%
4USSRJoseph Stalin
96%
1ChinaMao Zedong
96%
12North KoreaKim Il Sung
85%
8CambodiaPol Pot
78%
11IraqSaddam Hussein
74%
23North KoreaKim Jong-Il
73%
3BelgiumLeopold II
70%
15VietnamHo Chi Minh
59%
25ZimbabweRobert Mugabe
55%
5JapanHideki Tojo
52%
21USSRVladimir Lenin
48%
22UgandaIdi Amin Dada
46%
16GermanyWilhelm II
41%
20JapanHirohito
40%
6RussiaNicholas II
40%
24WalachiaVlad III
34%
17ChinaChiang Kai-Shek
27%
18USSRLeonid Brezhnev
27%
10Ottoman EmpireIsmail Enver Pasha
21%
7PakistanYahya Khan
17%
9SudanOmar al-Bashir
16%
13EthiopiaMengistu Haile Mariam
15%
14NigeriaYakubu Gowon
6%
19JapanKoki Hirota
5%

Score Distribution

Percentile by Number Answered

Percent of People with Each Score

Your Score History

You have not taken this quiz